000 00628nam a2200217Ia 4500
005 20250508164541.0
008 008 250505s9999 xx 000 0 hin d
037 _aTextual
040 _aFEDL
_beng
_cFEDL
041 _ahin
_2eng
084 _a371.102, IND
_qFEDL
245 0 _aSeekhna: Ek vaigyanik vivechan
245 0 _cIndia. Education and Social Welfare (Ministry of )
260 _aNew Delhi, India
_bShiksha aur Samaj Kalyan Mantralaya
_c1976
300 _aix,221p.
365 _aINR
_b12
546 _aMACESE
650 _aTeaching
942 _cTEXL
_h371.102, IND
999 _c1389739
_d1389739